Investigación Criminal y Criminalística/ (Registro nro. 8597)
[ vista simple ]
| 000 -LEADER | |
|---|---|
| fixed length control field | 01048nam a2200217Ia 4500 |
| 005 - FECHA Y HORA DE LA ÚLTIMA TRANSACCIÓN | |
| control field | 20230719094422.0 |
| 008 - FIXED-LENGTH DATA ELEMENTS--GENERAL INFORMATION | |
| fixed length control field | 230712s9999 xx 000 0 und d |
| 020 ## - INTERNATIONAL STANDARD BOOK NUMBER | |
| International Standard Book Number | 958-35-0445-9 |
| 040 ## - CATALOGING SOURCE | |
| Original cataloging agency | UPAN |
| Transcribing agency | Biblioteca San Vicente |
| Description conventions | RCAA2 |
| 041 ## - LANGUAGE CODE | |
| Language code of text/sound track or separate title | spa |
| 082 ## - DEWEY DECIMAL CLASSIFICATION NUMBER | |
| Classification number | 364 |
| Item number | L674i |
| año de publicación | 2003 |
| 100 ## - MAIN ENTRY--PERSONAL NAME | |
| Personal name | López Calvo, Pedro |
| Relator code | aut. |
| 245 #0 - TITLE STATEMENT | |
| Title | Investigación Criminal y Criminalística/ |
| Statement of responsibility, etc | Pedro López Calvo |
| 250 ## - EDITION STATEMENT | |
| Edition statement | 2° ed. |
| 260 ## - PUBLICATION, DISTRIBUTION, ETC. (IMPRINT) | |
| Place of publication, distribution, etc | Colombia: |
| Name of publisher, distributor, etc | Temis, |
| Date of publication, distribution, etc | 2003 |
| 300 ## - PHYSICAL DESCRIPTION | |
| Extent | 408 p.; |
| Other physical details | fot,col., |
| Dimensions | 24 cm. |
| 505 ## - FORMATTED CONTENTS NOTE | |
| Formatted contents note | Índice General. Capítulo I. Conceptualización Básica del Delito. Capitulo II. El lugar de los Hechos. Capítulo III. La Investigación Criminal. Capítulo IV. Cadena de Custodia. Capítulo V. La Ciencia de la Criminalística. Sección I.-Identificación de personas. Sección II. Balística. Sección III.-Documentología Sección IV.-Drogas. Capítulo VI. La Medicina Legal en la Investigación Criminal. |
| 650 ## - SUBJECT ADDED ENTRY--TOPICAL TERM | |
| Source of heading or term | LEMB |
| Form subdivision | Investigación |
| General subdivision | Tecnología |
| Geographic subdivision | Colombia |
| 9 (RLIN) | 3 |
| 700 ## - ADDED ENTRY--PERSONAL NAME | |
| Personal name | Gòmez Silva Pedro |
| 942 ## - ADDED ENTRY ELEMENTS (KOHA) | |
| Koha item type | Libros |
| Source of classification or shelving scheme | Dewey Decimal Classification |
| Withdrawn status | Lost status | Source of classification or shelving scheme | Damaged status | Not for loan | Collection code | Home library | Current library | Date acquired | Total Checkouts | Full call number | Barcode | Date last seen | Price effective from | Koha item type |
|---|---|---|---|---|---|---|---|---|---|---|---|---|---|---|
| Dewey Decimal Classification | Colección General | Biblioteca UPAN San Vicente | Biblioteca UPAN San Vicente | 12/07/2023 | 364 L674i | 12001188 | 12/07/2023 | 12/07/2023 | Libros |